000 00704 a2200217 4500
001 62665
005 20260407155920.0
008 260407a1984 arg spa d
003 AR-UNSa-BCEJYS
040 _aAR-UNSa-BCEJYS
_bspa
_cAR-UNSa-BCEJYS
080 _a336.14(460)
_xPresupuesto público. Presupuesto nacional Español
245 1 0 _aTécnicas presupuestarias en la administración pública
020 _a978-84-7351-173-5
264 1 _aMadrid :
_bInstituto Nacional de Administración Pública (INAP)
_c1984
300 _a382 p.
_c19 cm.
041 _aspa
942 _cBK
590 _aniveau_biblio:m niveau_hierar:0
100 1 _aHerrero Suazo, Santiago
700 1 _aQuerol Bellido, Vicente
999 _c7750
_d7750